[Event "SVK-ch U14"]
[Site "Liptovsky Mikulas"]
[Date "2018.04.27"]
[Round "9"]
[White "Kotora, Marko"]
[Black "Gulas, Gabriel"]
[Result "1/2-1/2"]
[WhiteElo "1173"]
[BlackElo "1614"]
[PlyCount "29"]
[EventDate "2018.04.21"]
[EventType "swiss"]
[EventRounds "9"]
[EventCountry "SVK"]
[SourceTitle "CBM 184 Extra"]
[Source "ChessBase"]
[SourceDate "2018.06.28"]
[SourceVersion "1"]
[SourceVersionDate "2018.06.28"]
[SourceQuality "1"]

1. e4 e6 2. Nc3 Nc6 3. Nf3 d5 4. exd5 exd5 5. d4 Be6 6. Bb5 Nge7 7. 0-0 f6 8. Re1 Qd7 9. Bf4 0-0-0 10. Na4 Nf5 11. c3 g5 12. Bxg5 fxg5 13. Nxg5 Re8 14. Nf3 Bg7 15. Nc5 1/2-1/2

[Event "SVK-ch U14"]
[Site "Liptovsky Mikulas"]
[Date "2018.04.22"]
[Round "2"]
[White "Gulas, Gabriel"]
[Black "Sobek, Michal"]
[Result "0-1"]
[WhiteElo "1614"]
[BlackElo "2022"]
[PlyCount "46"]
[EventDate "2018.04.21"]
[EventType "swiss"]
[EventRounds "9"]
[EventCountry "SVK"]
[SourceTitle "CBM 184 Extra"]
[Source "ChessBase"]
[SourceDate "2018.06.28"]
[SourceVersion "1"]
[SourceVersionDate "2018.06.28"]
[SourceQuality "1"]

1. e4 c5 2. Nf3 Nc6 3. d4 cxd4 4. Nxd4 g6 5. Nc3 Bg7 6. Be3 Nf6 7. Bc4 0-0 8. Bb3 d6 9. f3 Bd7 10. Qd2 Rc8 11. 0-0-0 Na5 12. g4 Nc4 13. Bxc4 Rxc4 14. h4 Qa5 15. h5 Rfc8 16. Nde2 b5 17. Kb1 b4 18. Nd5 Nxd5 19. exd5 Rxc2 20. Qxc2 Rxc2 21. Kxc2 Qxa2 22. Rb1 Ba4+ 23. Kc1 Qc4+ 0-1

[Event "SVK-ch U14"]
[Site "Liptovsky Mikulas"]
[Date "2018.04.21"]
[Round "1"]
[White "Klenko, Adam"]
[Black "Gulas, Gabriel"]
[Result "0-1"]
[WhiteElo "1135"]
[BlackElo "1614"]
[PlyCount "68"]
[EventDate "2018.04.21"]
[EventType "swiss"]
[EventRounds "9"]
[EventCountry "SVK"]
[SourceTitle "CBM 184 Extra"]
[Source "ChessBase"]
[SourceDate "2018.06.28"]
[SourceVersion "1"]
[SourceVersionDate "2018.06.28"]
[SourceQuality "1"]

1. e4 e6 2. Nf3 Nc6 3. d4 d5 4. e5 Be7 5. Nbd2 f6 6. b3 fxe5 7. dxe5 Bc5 8. Bb2 Nh6 9. c4 d4 10. a3 Nf7 11. Ne4 Be7 12. Bxd4 Nxd4 13. Nxd4 Nxe5 14. c5 0-0 15. Nf3 Nxf3+ 16. gxf3 Qxd1+ 17. Rxd1 Rxf3 18. Rd3 Rxd3 19. Bxd3 e5 20. Bc4+ Kh8 21. h4 Bf5 22. f3 Bxe4 23. fxe4 Bxc5 24. b4 Be7 25. h5 Rf8 26. Be6 Rf4 27. Bf5 Rf3 28. Rg1 Rxa3 29. Ke2 Bxb4 30. h6 g6 31. Be6 Re3+ 32. Kd1 Rxe4 33. Kc2 Rh4 34. Rd1 Bd6 0-1

[Event "SVK-ch U12"]
[Site "Liptovsky Mikulas"]
[Date "2017.04.28"]
[Round "9"]
[White "Kubovics, Levente"]
[Black "Gulas, Gabriel"]
[Result "0-1"]
[WhiteElo "1220"]
[BlackElo "1582"]
[PlyCount "140"]
[EventDate "2017.04.22"]
[EventType "swiss"]
[EventRounds "9"]
[EventCountry "SVK"]
[SourceTitle "CBM 178 Extra"]
[Source "ChessBase"]
[SourceDate "2017.06.22"]
[SourceVersion "1"]
[SourceVersionDate "2017.06.22"]
[SourceQuality "1"]

1. e4 c5 2. c3 g6 3. Nf3 Bg7 4. d4 cxd4 5. cxd4 d5 6. e5 Nc6 7. Nc3 Bg4 8. Be2 Bxf3 9. Bxf3 e6 10. Be3 Nge7 11. Nb5 Nc8 12. Rc1 Qa5+ 13. Nc3 N8e7 14. Qa4 Qxa4 15. Nxa4 Nf5 16. Rd1 h5 17. Be2 Nb4 18. Bd3 Nxe3 19. fxe3 Nxa2 20. Nc5 Rb8 21. Ra1 Nb4 22. Rxa7 b6 23. Bb5+ Kd8 24. Nb7+ Ke7 25. Nd6+ Kf8 26. Rxf7+ Kg8 27. 0-0 Kh7 28. R1f6 Rhf8 29. Rxe6 Rbd8 30. Rxf8 Rxf8 31. Ne8 Bh6 32. Rf6 Bxe3+ 33. Kf1 Rxf6+ 34. Nxf6+ Kg7 35. Nd7 Kf7 36. Nxb6 Bxd4 37. Na4 Bxe5 38. h3 Kf6 39. Kf2 Kf5 40. Kf3 Kg5 41. g4 hxg4+ 42. hxg4 Kf6 43. b3 Bd4 44. Be2 g5 45. Bd1 Ke6 46. Ke2 Kd6 47. Kd2 Ke5 48. Kc1 Nd3+ 49. Kd2 Nf2 50. Be2 Kf4 51. b4 Nxg4 52. b5 Ne5 53. b6 Nc4+ 54. Bxc4 dxc4 55. b7 Ba7 56. Nc5 g4 57. Na4 Kf3 58. Nc3 g3 59. Ne2 g2 60. Ng1+ Bxg1 61. b8Q Be3+ 62. Kc3 g1Q 63. Kxc4 Qc1+ 64. Kd5 Qc5+ 65. Ke6 Qc4+ 66. Kf5 Qg4+ 67. Kf6 Bg5+ 68. Kf7 Qf5+ 69. Ke8 Qe6+ 70. Kf8 Bh6# 0-1

[Event "SVK-ch U12"]
[Site "Liptovsky Mikulas"]
[Date "2017.04.26"]
[Round "7"]
[White "Sustek, Adam"]
[Black "Gulas, Gabriel"]
[Result "1-0"]
[WhiteElo "1378"]
[BlackElo "1582"]
[PlyCount "62"]
[EventDate "2017.04.22"]
[EventType "swiss"]
[EventRounds "9"]
[EventCountry "SVK"]
[SourceTitle "CBM 178 Extra"]
[Source "ChessBase"]
[SourceDate "2017.06.22"]
[SourceVersion "1"]
[SourceVersionDate "2017.06.22"]
[SourceQuality "1"]

1. e4 c5 2. c3 g6 3. d4 cxd4 4. cxd4 d5 5. e5 Nc6 6. Nf3 Bg4 7. Be3 e6 8. a3 Bg7 9. Bd3 Bxf3 10. Qxf3 Qb6 11. b4 a6 12. Nd2 Nge7 13. Nb3 0-0 14. 0-0 Qc7 15. Bg5 Nxd4 16. Nxd4 Bxe5 17. Rac1 Qd6 18. Bxe7 Qxe7 19. Qe3 Qf6 20. Ne2 Bb2 21. Rb1 Bxa3 22. Bxg6 Bb2 23. Bd3 Be5 24. Rb3 Kh8 25. f4 Bc7 26. Rf3 Rg8 27. Rh3 Rg7 28. Bb1 Rag8 29. g3 e5 30. Qd3 e4 31. Qxd5 Rd8 1-0

[Event "SVK-ch U12"]
[Site "Liptovsky Mikulas"]
[Date "2016.04.20"]
[Round "6"]
[White "Gulas, Gabriel"]
[Black "Marko, Maxim"]
[Result "0-1"]
[WhiteElo "1334"]
[BlackElo "1503"]
[PlyCount "66"]
[EventDate "2016.04.16"]
[EventType "swiss"]
[EventRounds "9"]
[EventCountry "SVK"]
[SourceTitle "CBM 172 Extra"]
[Source "ChessBase"]
[SourceDate "2016.06.21"]
[SourceVersion "1"]
[SourceVersionDate "2016.06.21"]
[SourceQuality "1"]

1. e4 e5 2. Nf3 d6 3. d4 exd4 4. Nxd4 g6 5. c4 Bg7 6. Be3 Nf6 7. Nc3 0-0 8. Be2 Re8 9. f3 Nc6 10. 0-0 Ne5 11. Qe1 a6 12. Rd1 Qe7 13. Qg3 c5 14. Nc2 Be6 15. b3 Nh5 16. Qe1 Rad8 17. h3 Bf6 18. Bf2 Nf4 19. Bg3 Bg5 20. Nd5 Bxd5 21. cxd5 Qd7 22. Kh2 Qe7 23. Kg1 Nd7 24. Qf2 Nf6 25. Bh2 N6h5 26. Rfe1 Bh4 27. Qf1 Qg5 28. Kh1 Bxe1 29. Rxe1 Ng3+ 30. Bxg3 Qxg3 31. Bd1 Re5 32. Ne3 Rh5 33. Ng4 Kg7 0-1

[Event "SVK-ch U12"]
[Site "Liptovsky Mikulas"]
[Date "2016.04.16"]
[Round "1"]
[White "Zetocha, Adrian"]
[Black "Gulas, Gabriel"]
[Result "1-0"]
[WhiteElo "1838"]
[BlackElo "1334"]
[PlyCount "41"]
[EventDate "2016.04.16"]
[EventType "swiss"]
[EventRounds "9"]
[EventCountry "SVK"]
[SourceTitle "CBM 172 Extra"]
[Source "ChessBase"]
[SourceDate "2016.06.21"]
[SourceVersion "1"]
[SourceVersionDate "2016.06.21"]
[SourceQuality "1"]

1. e4 e5 2. Nf3 Nf6 3. Nxe5 d6 4. Nf3 Nxe4 5. Nc3 Nxc3 6. dxc3 Nc6 7. Be3 Bg4 8. h3 Bh5 9. Qd5 Bg6 10. Bb5 Qd7 11. 0-0-0 Be7 12. Ne5 Qc8 13. Nxc6 Kf8 14. Nxe7 Kxe7 15. Rhe1 Kf8 16. Bf4 f6 17. Bc4 Qd8 18. g4 h5 19. g5 f5 20. Qe6 Be8 21. Rxd6 1-0

[Event "SVK-ch U10"]
[Site "Tatralandia"]
[Date "2015.04.24"]
[Round "8"]
[White "Marko, Maxim"]
[Black "Gulas, Gabriel"]
[Result "1-0"]
[WhiteElo "1197"]
[BlackElo "1231"]
[PlyCount "51"]
[EventDate "2015.04.18"]
[EventType "swiss"]
[EventRounds "9"]
[EventCountry "SVK"]
[SourceTitle "CBM 166 Extra"]
[Source "ChessBase"]
[SourceDate "2015.06.18"]
[SourceVersion "1"]
[SourceVersionDate "2015.06.18"]
[SourceQuality "1"]

1. c4 Nf6 2. Nc3 e6 3. g3 d5 4. cxd5 exd5 5. Bg2 Bb4 6. Qa4+ Nc6 7. Nf3 Bd7 8. Qb3 0-0 9. Nxd5 Be6 10. Nxf6+ Qxf6 11. Qa4 Rfe8 12. 0-0 Bd5 13. Qb5 Bxf3 14. Bxf3 Be7 15. Qxb7 Nd4 16. Qxc7 Nxf3+ 17. exf3 Qxf3 18. d4 Bb4 19. Bf4 Re2 20. Qc1 Rd8 21. a3 Be1 22. Be3 Re8 23. Rxe1 R8xe3 24. Rxe2 Qxe2 25. Qxe3 Qxb2 26. Qe8# 1-0

[Event "SVK-ch U10"]
[Site "Tatralandia"]
[Date "2015.04.22"]
[Round "6"]
[White "Kubovics, Levente"]
[Black "Gulas, Gabriel"]
[Result "0-1"]
[WhiteElo "1000"]
[BlackElo "1231"]
[PlyCount "96"]
[EventDate "2015.04.18"]
[EventType "swiss"]
[EventRounds "9"]
[EventCountry "SVK"]
[SourceTitle "CBM 166 Extra"]
[Source "ChessBase"]
[SourceDate "2015.06.18"]
[SourceVersion "1"]
[SourceVersionDate "2015.06.18"]
[SourceQuality "1"]

1. e4 c5 2. c3 Nc6 3. Nf3 d6 4. d4 cxd4 5. cxd4 Bg4 6. Be2 Nf6 7. Nc3 g6 8. d5 Bxf3 9. Bxf3 Ne5 10. Be2 Bg7 11. Be3 0-0 12. 0-0 Qc7 13. Nb5 Qa5 14. f4 Ned7 15. Bd2 Qb6+ 16. Rf2 Nxe4 17. Be1 Nxf2 18. Bxf2 Qd8 19. Rc1 Rc8 20. Nxa7 Rxc1 21. Qxc1 Qa5 22. a3 Qxd5 23. Bf3 Qd3 24. Bxb7 Bd4 25. Bxd4 Qxd4+ 26. Kf1 Qxa7 27. Be4 Qa6+ 28. Kg1 Rc8 29. Qe1 Qb6+ 30. Kf1 Qxb2 31. Qg3 Rc1+ 32. Qe1 Rxe1+ 33. Kxe1 Nc5 34. Bd5 Nd3+ 35. Kd1 Qd4 36. Bf3 Ne5+ 37. Ke1 Nxf3+ 38. gxf3 Qxf4 39. Kf2 d5 40. h3 d4 41. Ke2 Qe3+ 42. Kd1 d3 43. a4 d2 44. a5 Qe1+ 45. Kc2 d1Q+ 46. Kb2 Qed2+ 47. Ka3 Qb1 48. f4 Qda2# 0-1

[Event "SVK-ch U10"]
[Site "Tatralandia"]
[Date "2015.04.19"]
[Round "2"]
[White "Gulas, Gabriel"]
[Black "Sosovicka, Jakub"]
[Result "0-1"]
[WhiteElo "1231"]
[BlackElo "1858"]
[PlyCount "62"]
[EventDate "2015.04.18"]
[EventType "swiss"]
[EventRounds "9"]
[EventCountry "SVK"]
[SourceTitle "CBM 166 Extra"]
[Source "ChessBase"]
[SourceDate "2015.06.18"]
[SourceVersion "1"]
[SourceVersionDate "2015.06.18"]
[SourceQuality "1"]

1. e4 c5 2. Nf3 d6 3. d4 cxd4 4. Qxd4 Nc6 5. Bb5 Bd7 6. Bxc6 Bxc6 7. Nc3 Nf6 8. Bg5 e5 9. Qd3 Be7 10. 0-0-0 Ng4 11. Bxe7 Qxe7 12. Qd2 Rd8 13. h3 Nf6 14. Qe3 0-0 15. g4 b5 16. g5 Nh5 17. Nd5 Bxd5 18. Rxd5 a6 19. Rhd1 Nf4 20. R5d2 Qc7 21. Nh4 g6 22. Qf3 a5 23. Ng2 Nxg2 24. Qxg2 b4 25. Qf3 Rfe8 26. h4 a4 27. Rd3 Ra8 28. h5 Rec8 29. Qe2 b3 30. axb3 axb3 31. Rxb3 Ra1+ 0-1

[Event "SVK-ch U10"]
[Site "Stara Lubovna"]
[Date "2014.04.12"]
[Round "9"]
[White "Gulas, Gabriel"]
[Black "Ganz, Marek"]
[Result "0-1"]
[WhiteElo "1273"]
[BlackElo "1093"]
[PlyCount "70"]
[EventDate "2014.04.05"]
[EventType "swiss"]
[EventRounds "9"]
[EventCountry "SVK"]
[SourceTitle "EXT 2016"]
[Source "ChessBase"]
[SourceDate "2015.10.08"]
[SourceVersion "1"]
[SourceVersionDate "2015.10.08"]
[SourceQuality "1"]

1. e4 e5 2. Nf3 Nc6 3. d4 exd4 4. Nxd4 Bb4+ 5. Nc3 Nf6 6. Nxc6 bxc6 7. Bd3 d5 8. 0-0 0-0 9. Bg5 Qd6 10. Qe2 Ng4 11. f4 h6 12. Bh4 Bc5+ 13. Kh1 g5 14. Bg3 Qf6 15. h3 Ne3 16. Rf3 d4 17. e5 Qe7 18. Ne4 Nd5 19. Nxc5 Qxc5 20. f5 f6 21. exf6 Nxf6 22. Re1 Nh5 23. Qf2 Nxg3+ 24. Qxg3 Bxf5 25. Bxf5 Rxf5 26. Rxf5 Qxf5 27. Qxc7 Qc5 28. Re7 Qf5 29. Qxc6 Rc8 30. Qxh6 Qf1+ 31. Kh2 Qf4+ 32. Kg1 Qc1+ 33. Kf2 Qf4+ 34. Ke2 Rxc2+ 35. Kd3 Qd2+ 0-1

[Event "SVK-ch U10"]
[Site "Stara Lubovna"]
[Date "2014.04.05"]
[Round "1"]
[White "Gulas, Gabriel"]
[Black "Jencopala, Alexander"]
[Result "1/2-1/2"]
[WhiteElo "1273"]
[BlackElo "1000"]
[PlyCount "84"]
[EventDate "2014.04.05"]
[EventType "swiss"]
[EventRounds "9"]
[EventCountry "SVK"]
[SourceTitle "EXT 2016"]
[Source "ChessBase"]
[SourceDate "2015.10.08"]
[SourceVersion "1"]
[SourceVersionDate "2015.10.08"]
[SourceQuality "1"]

1. e4 e5 2. Nf3 Nc6 3. d4 exd4 4. Nxd4 Bc5 5. Be3 Qf6 6. Nb5 Bd6 7. N1c3 Nge7 8. Be2 0-0 9. Qd2 a6 10. Nd4 Nxd4 11. Bxd4 Be5 12. 0-0-0 Nc6 13. Nd5 Qd6 14. Be3 Ne7 15. f4 Bf6 16. e5 Qxd5 17. Qxd5 Nxd5 18. Rxd5 Be7 19. g4 d6 20. h4 Be6 21. Rd2 dxe5 22. f5 Bc8 23. h5 b5 24. Bf3 Rb8 25. Ba7 Bb7 26. Bxb8 Bxf3 27. Rf1 Bxg4 28. Bxc7 Bg5 29. Bxe5 Bxd2+ 30. Kxd2 Bxh5 31. Rg1 g6 32. b3 Rd8+ 33. Kc1 Kf8 34. fxg6 hxg6 35. a4 bxa4 36. bxa4 Rd5 37. Bf4 Rd4 38. Bh6+ Kg8 39. c3 Rxa4 40. Rg2 Rc4 41. Rd2 a5 42. Bg5 f5 1/2-1/2

[Event "SVK-ch U08"]
[Site "Lubovna"]
[Date "2013.04.13"]
[Round "9"]
[White "Sobek, Michal"]
[Black "Gulas, Gabriel"]
[Result "1-0"]
[WhiteElo "1000"]
[BlackElo "1079"]
[PlyCount "43"]
[EventDate "2013.04.06"]
[EventType "swiss"]
[EventRounds "9"]
[EventCountry "SVK"]
[SourceTitle "CBM 153 Extra"]
[Source "ChessBase"]
[SourceDate "2013.04.22"]
[SourceVersion "1"]
[SourceVersionDate "2013.04.22"]
[SourceQuality "1"]

1. e4 d5 2. e5 c5 3. Bb5+ Bd7 4. Bxd7+ Nxd7 5. Nf3 e6 6. Nc3 Be7 7. 0-0 Qc7 8. Qe2 f6 9. exf6 Ngxf6 10. d4 c4 11. Qxe6 Qd6 12. Ng5 h6 13. Qf7+ Kd8 14. Qxg7 Qb6 15. Qxh8+ Kc7 16. Qxa8 Nb8 17. Nh7 Qa6 18. Nxf6 Bxf6 19. Bf4+ Kc8 20. Qxb8+ Kd7 21. Nxd5 Ke6 22. Nc7+ 1-0

[Event "SVK-ch U08"]
[Site "Lubovna"]
[Date "2013.04.08"]
[Round "4"]
[White "Sosovicka, Jakub"]
[Black "Gulas, Gabriel"]
[Result "1-0"]
[WhiteElo "1615"]
[BlackElo "1079"]
[PlyCount "35"]
[EventDate "2013.04.06"]
[EventType "swiss"]
[EventRounds "9"]
[EventCountry "SVK"]
[SourceTitle "CBM 153 Extra"]
[Source "ChessBase"]
[SourceDate "2013.04.22"]
[SourceVersion "1"]
[SourceVersionDate "2013.04.22"]
[SourceQuality "1"]

1. e4 c5 2. Nf3 d6 3. d4 cxd4 4. Nxd4 Nf6 5. Nc3 g6 6. Be3 Bg7 7. f3 0-0 8. Qd2 Bd7 9. h4 h5 10. Be2 Nc6 11. g4 hxg4 12. h5 gxf3 13. Bxf3 gxh5 14. 0-0-0 Nxd4 15. Bxd4 b5 16. Rdg1 a5 17. Qg5 Qc7 18. Qxg7# 1-0

[Event "SVK-ch U08"]
[Site "Lubovna"]
[Date "2013.04.07"]
[Round "2"]
[White "Gulas, Gabriel"]
[Black "Bochnicka, Vladimir1"]
[Result "1-0"]
[WhiteElo "1079"]
[BlackElo "1150"]
[PlyCount "123"]
[EventDate "2013.04.06"]
[EventType "swiss"]
[EventRounds "9"]
[EventCountry "SVK"]
[SourceTitle "CBM 153 Extra"]
[Source "ChessBase"]
[SourceDate "2013.04.22"]
[SourceVersion "1"]
[SourceVersionDate "2013.04.22"]
[SourceQuality "1"]

1. e4 e5 2. Nf3 Nc6 3. d4 exd4 4. Nxd4 Nxd4 5. Qxd4 Nf6 6. Nc3 b6 7. e5 Bc5 8. Qh4 Qe7 9. Qg5 d6 10. f4 0-0 11. Be2 dxe5 12. fxe5 Nd7 13. Bd2 Qxg5 14. Bxg5 Nxe5 15. 0-0-0 h6 16. Bf4 Ng4 17. Nd5 Rb8 18. Rde1 g5 19. Bg3 Be3+ 20. Kb1 Nf2 21. Rhf1 Ne4 22. Rh1 Nd2+ 23. Ka1 Ne4 24. Nxe3 Nxg3 25. hxg3 Re8 26. Nd5 Rd8 27. Ne7+ Kg7 28. Nxc8 Rbxc8 29. Bg4 Rb8 30. Rhf1 Kg6 31. Bf5+ Kg7 32. Rd1 Rxd1+ 33. Rxd1 Re8 34. b3 Kf6 35. Rf1 Ke7 36. Re1+ Kd8 37. Rxe8+ Kxe8 38. Kb2 Ke7 39. Kc3 Kf6 40. Bd3 Ke5 41. Kc4 c5 42. Kb5 f5 43. Ka6 f4 44. gxf4+ gxf4 45. Kxa7 Kd4 46. Kxb6 Ke3 47. a4 Kf2 48. Be4 Ke3 49. Bb7 Kd4 50. a5 Ke3 51. a6 h5 52. a7 h4 53. a8Q Kf2 54. Qg8 h3 55. gxh3 f3 56. Qf8 Ke2 57. Qxf3+ Kd2 58. Qd3+ Kc1 59. h4 Kb2 60. h5 Ka3 61. b4+ Kxb4 62. Qb3# 1-0